000
00190 a2200097 4500
020
_a
9781335641229
041
_a
eng
100
_a
Hauf, Michele
245
_a
Witness in the wood
942
_c
BK
999
_c
30235
_d
30233